| 000 | 00341nam a22001451a 4500 | ||
|---|---|---|---|
| 082 |
_aM8 _bKHA/G |
||
| 100 | _aKhalil Gibran | ||
| 245 |
_aGibran mozhikal/ _cby Khalil Gibran |
||
| 260 |
_aKozhikode: _bMulberry, _c2002. |
||
| 300 | _a66p. | ||
| 650 | _aGibran Words | ||
| 650 | _aLiterature Malayalam | ||
| 650 | _aLiterature | ||
| 942 | _cBK | ||
| 999 |
_c15964 _d15964 |
||